Statistiche per Capitali più vicini a Colombo - sprint di un minuto

Clicka qui per fare il quiz!

Statistiche generali

  • Questo quiz è stato fatto 14 volte
  • Il punteggio medio è 10 su 20

Statistiche sulle risposte

kmcapitale% Corretto
3065Islamabad
86%
2435Nuova Delhi
86%
2192Dacca
79%
772Malé
79%
2388Kathmandu
71%
3202Hanoi
64%
3270Kabul
64%
2755Vientiane
64%
2795Phnom Penh
57%
2379Bangkok
50%
3328Giacarta
50%
2450Kuala Lumpur
50%
2260Naypyidaw
50%
2511Thimphu
50%
2729Singapore
29%
2956Mascate
21%
3005Victoria
14%
3351Abu Dhabi
7%
3646Doha
7%
3699Dušanbe
7%

Distribuzione punteggi

Percentile per numero di risposta

Percentuale di utenti per punteggio

I tuoi punteggi nel tempo

Non hai fatto questo quiz